[Event "Andalucia-ch U14"]
[Site "Huelva"]
[Date "2014.04.25"]
[Round "4.5"]
[White "Esquivias Quintero, Luis Manuel"]
[Black "Trillo Rodriguez, Sergio"]
[Result "1-0"]
[WhiteElo "1766"]
[BlackElo "1239"]
[PlyCount "43"]
[EventDate "2014.04.25"]
[EventType "swiss"]
[EventRounds "9"]
[EventCountry "ESP"]
[SourceTitle "EXT 2024"]
[Source "ChessBase"]
[SourceDate "2023.10.10"]
[SourceVersion "1"]
[SourceVersionDate "2023.10.10"]
[SourceQuality "1"]

1. e4 c5 2. Nf3 Nc6 3. d4 cxd4 4. Nxd4 Nf6 5. Nc3 e5 6. Ndb5 d6 7. Bg5 a6 8. Na3 b5 9. Bxf6 Qxf6 10. Nd5 Qd8 11. c3 Be6 12. Nc2 Be7 13. a4 bxa4 14. Rxa4 Qc8 15. Nb6 Qd8 16. Nxa8 Qxa8 17. Rxa6 Qc8 18. Bb5 Bd7 19. Qd5 0-0 20. Rxc6 Bxc6 21. Qxc6 Qxc6 22. Bxc6 1-0

[Event "Andalucia-ch U12"]
[Site "Islantilla"]
[Date "2012.04.13"]
[Round "1"]
[White "Trillo Rodriguez, Sergio"]
[Black "Martin Cabrerizo, Francisco Davi"]
[Result "0-1"]
[WhiteElo "1163"]
[BlackElo "1503"]
[PlyCount "51"]
[EventDate "2012.04.13"]
[EventType "swiss"]
[EventRounds "9"]
[EventCountry "ESP"]
[SourceTitle "CBM 148 Extra"]
[Source "ChessBase"]
[SourceDate "2012.06.22"]
[SourceVersion "1"]
[SourceVersionDate "2012.06.22"]
[SourceQuality "1"]

1. d4 Nf6 2. c4 g6 3. Nc3 Bg7 4. e4 d6 5. Nf3 Nbd7 6. Bd3 0-0 7. 0-0 c5 8. dxc5 Nxc5 9. Be2 Re8 10. Be3 Ng4 11. Bxc5 dxc5 12. Qxd8 Rxd8 13. h3 Bxc3 14. bxc3 Nf6 15. e5 Nh5 16. g3 Bxh3 17. Rfe1 Bg4 18. Nh2 Be6 19. g4 Nf4 20. Bf3 g5 21. Rad1 h6 22. Rxd8+ Rxd8 23. a4 Rd3 24. Re4 Rxc3 25. a5 Rc1+ 26. Nf1 0-1